[Event "XXXI Torneo B di Capodanno"]
[Site "Reggio nell'Emilia ITA"]
[Date "1989.01.02"]
[Round "7"]
[White "Pantaleoni, Claudio"]
[Black "Bukal, Vladimir sr"]
[Result "1/2-1/2"]
[WhiteElo "2255"]
[BlackElo "2380"]
[PlyCount "28"]
[EventDate "1988.12.27"]

1. c4 c5 2. g3 Nc6 3. Bg2 g6 4. Nc3 Bg7 5. e3 e5 6. Nge2 Nge7 7. O-O d6 8. Nd5
O-O 9. a3 a5 10. Nec3 Rb8 11. Qa4 Bd7 12. Qb3 Nxd5 13. Nxd5 b6 14. d3 Kh8
1/2-1/2

[Event "XXXI Torneo B di Capodanno"]
[Site "Reggio nell'Emilia ITA"]
[Date "1989.01.02"]
[Round "7"]
[White "Valenti, Giuseppe"]
[Black "Caposciutti, Maurizio"]
[Result "1/2-1/2"]
[WhiteElo "2240"]
[BlackElo "2270"]
[PlyCount "96"]
[EventDate "1988.12.27"]

1. e4 c6 2. d4 d5 3. Nc3 dxe4 4. Nxe4 Bf5 5. Ng3 Bg6 6. Bc4 Nd7 7. N1e2 e6 8.
Nf4 Qh4 9. c3 Bd6 10. Qf3 Ngf6 11. Bd2 O-O 12. Nxg6 hxg6 13. O-O-O Nb6 14. Bd3
Nbd5 15. Rde1 Bf4 16. Ne4 Bxd2+ 17. Nxd2 Qg4 18. g3 Qxf3 19. Nxf3 Rfd8 20. Bc2
Nd7 21. Rd1 Kf8 22. Rhe1 Rac8 23. a3 N5b6 24. Ng5 Kg8 25. Ne4 Nf6 26. Nc5 Rb8
27. h3 Nbd7 28. Nd3 Nd5 29. Bb3 Kf8 30. a4 Rbc8 31. Re2 Rc7 32. Kb1 N7f6 33.
Ne5 Nd7 34. f4 Nxe5 35. Rxe5 Rcd7 36. Kc1 Rd6 37. Bc2 Nf6 38. Bb3 Nd5 39. Rde1
Nf6 40. Bc4 Nd7 41. R5e2 c5 42. dxc5 Nxc5 43. a5 Nd3+ 44. Bxd3 Rxd3 45. Re3 Rd2
46. R3e2 R2d3 47. Re3 Rd2 48. R3e2 R2d3 1/2-1/2

[Event "XXXI Torneo B di Capodanno"]
[Site "Reggio nell'Emilia ITA"]
[Date "1989.01.02"]
[Round "7"]
[White "Wagman, Stuart"]
[Black "Crisan, Alexandru"]
[Result "1-0"]
[WhiteElo "2215"]
[BlackElo "2305"]
[PlyCount "53"]
[EventDate "1988.12.27"]

1. e4 c5 2. Nf3 d6 3. d4 cxd4 4. Nxd4 Nf6 5. Nc3 a6 6. f4 Qc7 7. Bd3 e5 8. Nf3
Nbd7 9. a4 Be7 10. O-O O-O 11. Kh1 exf4 12. Bxf4 Ne5 13. Qe1 Be6 14. Nd4 Rfe8
15. Bg5 Qb6 16. Nf5 Bxf5 17. Rxf5 Ned7 18. a5 Qd8 19. Qh4 g6 20. Rff1 Rc8 21.
e5 dxe5 22. Bc4 h5 23. Rad1 e4 24. Nxe4 Nxe4 25. Qxe4 Rxc4 26. Qxc4 Kf8 27.
Bh6+ 1-0

[Event "XXXI Torneo B di Capodanno"]
[Site "Reggio nell'Emilia ITA"]
[Date "1989.01.03"]
[Round "8"]
[White "Bukal, Vladimir sr"]
[Black "Valenti, Giuseppe"]
[Result "1-0"]
[WhiteElo "2380"]
[BlackElo "2240"]
[PlyCount "55"]
[EventDate "1988.12.27"]

1. c4 Nf6 2. g3 g6 3. Bg2 Bg7 4. Nc3 e5 5. Nf3 d6 6. d4 Nbd7 7. O-O O-O 8. e4
Re8 9. h3 c6 10. Re1 a5 11. Be3 a4 12. Qc2 Qa5 13. Rab1 b5 14. cxb5 cxb5 15. b4
axb3 16. axb3 b4 17. Na4 Ba6 18. Ra1 Rec8 19. Qb1 Bb5 20. d5 Bf8 21. Bf1 Bxf1
22. Rxf1 Ne8 23. Nd2 Nc7 24. Rc1 Qb5 25. Nc4 Na6 26. Nab6 Nxb6 27. Nxb6 Rxc1+
28. Qxc1 1-0

[Event "XXXI Torneo B di Capodanno"]
[Site "Reggio nell'Emilia ITA"]
[Date "1989.01.03"]
[Round "8"]
[White "Caposciutti, Maurizio"]
[Black "Landenbergue, Claude"]
[Result "1-0"]
[WhiteElo "2270"]
[BlackElo "2325"]
[PlyCount "35"]
[EventDate "1988.12.27"]

1. e4 Nf6 2. Nc3 d5 3. e5 Nfd7 4. d4 c5 5. e6 fxe6 6. Nf3 Nc6 7. dxc5 g6 8. h4
Bg7 9. h5 Qa5 10. Bd2 Qxc5 11. hxg6 hxg6 12. Rxh8+ Bxh8 13. Nb5 Nce5 14. Nfd4
Kf7 15. Ba5 Nc6 16. Nb3 Nxa5 17. Nxc5 Nxc5 18. b4 1-0

[Event "XXXI Torneo B di Capodanno"]
[Site "Reggio nell'Emilia ITA"]
[Date "1989.01.03"]
[Round "8"]
[White "Crisan, Alexandru"]
[Black "Beil, Zdenek"]
[Result "1-0"]
[WhiteElo "2305"]
[BlackElo "2390"]
[PlyCount "123"]
[EventDate "1988.12.27"]

1. e4 c5 2. Nf3 e6 3. d4 cxd4 4. Nxd4 Nc6 5. Nc3 a6 6. Nxc6 bxc6 7. e5 Qa5 8.
f4 Nh6 9. Bd3 d5 10. exd6 Bxd6 11. Bd2 Qc7 12. O-O Bb7 13. Ne4 Be7 14. Qh5 c5
15. b3 Nf5 16. Rae1 g6 17. Qh3 h5 18. Bc3 Nd4 19. Ng5 Bxg5 20. fxg5 O-O-O 21.
Qe3 Rhe8 22. Qe5 Rd7 23. Qxc7+ Kxc7 24. Ba5+ Kb8 25. Re5 Rc8 26. Bb6 Bd5 27. c4
Bb7 28. Bb1 Nf5 29. Ba5 Rd4 30. h3 h4 31. Bc2 Rc6 32. Bc3 Rd7 33. Rf4 Ka7 34.
Be1 Rcd6 35. Bxf5 exf5 36. Bf2 Rd1+ 37. Kh2 Be4 38. Bxc5+ Kb7 39. Rexe4 fxe4
40. Rxe4 R1d2 41. Rxh4 Rxa2 42. Rf4 Rdd2 43. Kg3 Rxg2+ 44. Kh4 Kc6 45. Be3 Rae2
46. Rf6+ Kd7 47. Rxf7+ Ke6 48. Rf6+ Ke5 49. Bf4+ Ke4 50. Bc7 Rb2 51. Rxa6 Rxb3
52. Rxg6 Rc2 53. Rf6 Rb7 54. Rc6 Ra7 55. Kh5 Ra8 56. h4 Rh8+ 57. Kg4 Kd4 58. g6
Rxc4 59. Rxc4+ Kxc4 60. Kg5 Kd5 61. g7 Ra8 62. Kf6 1-0

[Event "XXXI Torneo B di Capodanno"]
[Site "Reggio nell'Emilia ITA"]
[Date "1989.01.03"]
[Round "8"]
[White "Paoli, Enrico"]
[Black "Pantaleoni, Claudio"]
[Result "1/2-1/2"]
[WhiteElo "2220"]
[BlackElo "2255"]
[PlyCount "53"]
[EventDate "1988.12.27"]

1. e4 c5 2. Nf3 d6 3. d4 cxd4 4. Nxd4 Nf6 5. Nc3 g6 6. Be3 Bg7 7. Be2 Nc6 8.
O-O O-O 9. Kh1 d5 10. exd5 Nb4 11. d6 Qxd6 12. Ndb5 Qxd1 13. Raxd1 Nxc2 14. Bc5
Nd7 15. Bxe7 Re8 16. Bd6 Bxc3 17. Nxc3 a5 18. a3 Nf6 19. Bb5 Bg4 20. Rc1 Re6
21. Bg3 Nd4 22. Bc4 Rc6 23. Bd5 Nxd5 24. Nxd5 Kf8 25. Rxc6 Nxc6 26. Bd6+ Kg7
27. Ne3 1/2-1/2

[Event "XXXI Torneo B di Capodanno"]
[Site "Reggio nell'Emilia ITA"]
[Date "1989.01.03"]
[Round "8"]
[White "Weindl, Alfred"]
[Black "Turci, Stefano"]
[Result "0-1"]
[WhiteElo "2420"]
[BlackElo "2225"]
[PlyCount "78"]
[EventDate "1988.12.27"]

1. Nf3 Nf6 2. g3 d5 3. c4 c6 4. b3 Bf5 5. Bg2 e6 6. O-O h6 7. Bb2 Be7 8. d3 O-O
9. Nbd2 Bh7 10. Rc1 a5 11. a3 Nbd7 12. Rc2 Qb6 13. Qa1 Rfc8 14. Rfc1 Bc5 15.
Bd4 Bxd4 16. Nxd4 e5 17. N4f3 e4 18. Ne1 e3 19. c5 Nxc5 20. fxe3 Ne6 21. Nf1
Ng4 22. Kh1 Nxe3 23. Nxe3 Qxe3 24. Nf3 Re8 25. Qc3 Qb6 26. Rb2 Re7 27. b4 axb4
28. axb4 Ra4 29. b5 c5 30. Qe5 Qd8 31. b6 Nf4 32. gxf4 Rxe5 33. fxe5 c4 34. Bh3
g5 35. Nd4 g4 36. Bxg4 c3 37. Rxc3 Qg5 38. Rb1 Rxd4 39. Bf3 Qxe5 0-1

[Event "XXXI Torneo B di Capodanno"]
[Site "Reggio nell'Emilia ITA"]
[Date "1989.01.04"]
[Round "9"]
[White "Beil, Zdenek"]
[Black "Anceschi, Vittorio"]
[Result "1-0"]
[WhiteElo "2390"]
[BlackElo "2295"]
[PlyCount "65"]
[EventDate "1988.12.27"]

1. d4 Nf6 2. Nf3 e6 3. c4 c5 4. d5 b5 5. dxe6 fxe6 6. cxb5 d5 7. g3 Be7 8. Bg2
Qb6 9. Nc3 a6 10. bxa6 Nc6 11. O-O Bxa6 12. b3 O-O 13. Bb2 Bc8 14. Qd2 Bd7 15.
Ne1 Na5 16. Nd3 c4 17. Ne5 Qd6 18. Nxd7 Qxd7 19. Na4 Qb5 20. Qe3 Ra6 21. Bd4
cxb3 22. Nc3 Qc4 23. axb3 Nxb3 24. Rxa6 Nxd4 25. Rxe6 Bb4 26. Rxf6 Bxc3 27.
Rxf8+ Kxf8 28. Qf4+ Kg8 29. Qb8+ Kf7 30. Qb7+ Ke6 31. e3 Ne2+ 32. Kh1 d4 33.
Qxg7 1-0

[Event "XXXI Torneo B di Capodanno"]
[Site "Reggio nell'Emilia ITA"]
[Date "1989.01.04"]
[Round "9"]
[White "Landenbergue, Claude"]
[Black "Bukal, Vladimir sr"]
[Result "1/2-1/2"]
[WhiteElo "2325"]
[BlackElo "2380"]
[PlyCount "26"]
[EventDate "1988.12.27"]

1. c4 c5 2. Nc3 g6 3. g3 Bg7 4. Bg2 Nc6 5. a3 a6 6. Rb1 Rb8 7. Qa4 Nd4 8. e3 b5
9. cxb5 Nxb5 10. Nge2 Nxc3 11. dxc3 Nf6 12. e4 O-O 13. h3 d6 1/2-1/2

[Event "XXXI Torneo B di Capodanno"]
[Site "Reggio nell'Emilia ITA"]
[Date "1989.01.04"]
[Round "9"]
[White "Pantaleoni, Claudio"]
[Black "Crisan, Alexandru"]
[Result "0-1"]
[WhiteElo "2255"]
[BlackElo "2305"]
[PlyCount "64"]
[EventDate "1988.12.27"]

1. e4 c5 2. Nf3 d6 3. d4 Nf6 4. Nc3 cxd4 5. Nxd4 Nc6 6. Bc4 e6 7. Be3 a6 8. Qe2
Qc7 9. O-O-O Na5 10. Bd3 Be7 11. g4 b5 12. g5 Nd7 13. f4 b4 14. Na4 Nc5 15. b3
Nxa4 16. bxa4 Bb7 17. h4 O-O 18. h5 Rfc8 19. g6 Bf6 20. gxf7+ Kxf7 21. Qg4 Re8
22. e5 dxe5 23. Bg6+ Kg8 24. fxe5 Qxe5 25. Rh3 hxg6 26. hxg6 Rad8 27. Rh8+ Kxh8
28. Qh3+ Kg8 29. Qh7+ Kf8 30. Nxe6+ Ke7 31. Bc5+ Kxe6 32. Qh3+ Qf5 0-1

[Event "XXXI Torneo B di Capodanno"]
[Site "Reggio nell'Emilia ITA"]
[Date "1989.01.04"]
[Round "9"]
[White "Turci, Stefano"]
[Black "Caposciutti, Maurizio"]
[Result "1/2-1/2"]
[WhiteElo "2225"]
[BlackElo "2270"]
[PlyCount "41"]
[EventDate "1988.12.27"]

1. d4 d5 2. Nf3 Nf6 3. Bf4 c6 4. e3 Qb6 5. Qc1 Bf5 6. c4 e6 7. c5 Qd8 8. Nc3
Be7 9. h3 O-O 10. Be2 Nfd7 11. O-O Bf6 12. b4 Re8 13. Bh2 e5 14. Re1 exd4 15.
exd4 Nf8 16. Qd2 Be4 17. Ne5 Bxe5 18. Bxe5 Bg6 19. Bg4 h5 20. Bf3 Nbd7 21. Bd6
1/2-1/2

[Event "XXXI Torneo B di Capodanno"]
[Site "Reggio nell'Emilia ITA"]
[Date "1989.01.04"]
[Round "9"]
[White "Valenti, Giuseppe"]
[Black "Paoli, Enrico"]
[Result "1-0"]
[WhiteElo "2240"]
[BlackElo "2220"]
[PlyCount "85"]
[EventDate "1988.12.27"]

1. e4 e5 2. Nf3 Nc6 3. Nc3 Nf6 4. d4 exd4 5. Nd5 Be7 6. Nxd4 d6 7. Bb5 Bd7 8.
O-O O-O 9. Nxe7+ Qxe7 10. Nxc6 bxc6 11. Bd3 Qe5 12. h3 Rfe8 13. Re1 d5 14. f4
Qd4+ 15. Be3 Qb4 16. e5 Ne4 17. c3 Qe7 18. Qf3 Rab8 19. Re2 Nc5 20. Bc2 a5 21.
Rae1 g6 22. b3 Bf5 23. Bxf5 gxf5 24. Qh5 Ne4 25. Qxf5 Qe6 26. Qxe6 Rxe6 27. Rc2
f6 28. c4 fxe5 29. cxd5 cxd5 30. Rxc7 exf4 31. Bxf4 Rf8 32. g3 Ng5 33. Rxe6
Nxe6 34. Ra7 Nxf4 35. gxf4 Rxf4 36. Rxa5 d4 37. Ra7 h5 38. Rd7 Kf8 39. a4 Ke8
40. Rd5 Ke7 41. a5 Ke6 42. Rd8 Ke7 43. a6 1-0

[Event "XXXI Torneo B di Capodanno"]
[Site "Reggio nell'Emilia ITA"]
[Date "1989.01.05"]
[Round "10"]
[White "Crisan, Alexandru"]
[Black "Valenti, Giuseppe"]
[Result "1/2-1/2"]
[WhiteElo "2305"]
[BlackElo "2240"]
[PlyCount "82"]
[EventDate "1988.12.27"]

1. d4 Nf6 2. Nf3 g6 3. c4 c5 4. d5 d6 5. Nc3 Bg7 6. e4 O-O 7. Bd3 e6 8. h3 exd5
9. exd5 Re8+ 10. Be3 Nbd7 11. O-O Qb6 12. Qd2 a6 13. Rae1 Nf8 14. g4 Bd7 15.
Rb1 a5 16. Rfe1 Re7 17. Kg2 Rae8 18. Bg5 Rxe1 19. Nxe1 Bc8 20. Nf3 N6d7 21. Ne4
f6 22. Bh6 Ne5 23. Bxg7 Kxg7 24. Nxe5 fxe5 25. Rf1 Nd7 26. f4 exf4 27. Rxf4 Ne5
28. b3 Qd8 29. Bc2 Rf8 30. Qf2 Rxf4 31. Qxf4 Qe7 32. a4 b6 33. Ng3 Nf7 34. Ne4
Ne5 35. Kg3 Nf7 36. h4 h6 37. h5 gxh5 38. gxh5 Ng5 39. Kh2 Nxe4 40. Bxe4 Qf6
41. Qg3+ Kf8 1/2-1/2

[Event "XXXI Torneo B di Capodanno"]
[Site "Reggio nell'Emilia ITA"]
[Date "1989.01.05"]
[Round "10"]
[White "Paoli, Enrico"]
[Black "Landenbergue, Claude"]
[Result "0-1"]
[WhiteElo "2220"]
[BlackElo "2325"]
[PlyCount "122"]
[EventDate "1988.12.27"]

1. e4 Nf6 2. e5 Nd5 3. c4 Nb6 4. d4 d6 5. exd6 cxd6 6. Nc3 g6 7. h3 Bg7 8. Nf3
O-O 9. Be2 Nc6 10. b3 Bf5 11. Be3 d5 12. c5 Nd7 13. O-O Nxc5 14. Nxd5 Ne6 15.
Bc4 Be4 16. Nc3 Bxf3 17. Qxf3 Nexd4 18. Bxd4 Qxd4 19. Rac1 e6 20. Rfd1 Qh4 21.
Bf1 Rad8 22. Qe4 Qe7 23. Qb1 Rxd1 24. Nxd1 Rd8 25. Ne3 Qh4 26. Rc4 Bd4 27. Qc2
Qg5 28. Qe4 Bxe3 29. Qxe3 Qxe3 30. fxe3 Rd2 31. Ra4 a6 32. g3 Kf8 33. Bg2 Rc2
34. Be4 Rc3 35. Kf2 Nd8 36. g4 h6 37. Rb4 Rc7 38. a4 Ke7 39. Rd4 Nc6 40. Bxc6
Rxc6 41. a5 Rc5 42. b4 Rc1 43. h4 e5 44. Rd5 Ke6 45. Rd8 Rb1 46. Re8+ Kf6 47.
g5+ hxg5 48. hxg5+ Kxg5 49. Rxe5+ f5 50. Re6 Rxb4 51. Kf3 Rb5 52. Re7 Rb3 53.
Rf7 Ra3 54. Ke2 Kg4 55. Rxb7 Ra2+ 56. Kd3 Rxa5 57. Rb4+ Kg3 58. Rb1 Kf2 59. Rb6
g5 60. Rg6 g4 61. e4 g3 0-1

[Event "XXXI Torneo B di Capodanno"]
[Site "Reggio nell'Emilia ITA"]
[Date "1989.01.05"]
[Round "10"]
[White "Wagman, Stuart"]
[Black "Beil, Zdenek"]
[Result "1/2-1/2"]
[WhiteElo "2215"]
[BlackElo "2390"]
[PlyCount "57"]
[EventDate "1988.12.27"]

1. e4 c5 2. Nf3 Nc6 3. d4 cxd4 4. Nxd4 g6 5. Nc3 Bg7 6. Be3 Nf6 7. Bc4 O-O 8.
Bb3 a5 9. a4 Ng4 10. Qxg4 Nxd4 11. Qd1 Nxb3 12. cxb3 d6 13. O-O Be6 14. Nd5
Bxb2 15. Rb1 Ba3 16. Bb6 Qd7 17. Nc7 Qc6 18. Nxa8 Rxa8 19. Bd4 Qxe4 20. Re1 Qd5
21. h3 Bb4 22. Re3 Rc8 23. g4 Rc6 24. Rd3 Qe4 25. Ba1 Bc5 26. Qd2 Bb4 27. Qd1
Bc5 28. Qd2 Bb4 29. Qd1 1/2-1/2

[Event "XXXI Torneo B di Capodanno"]
[Site "Reggio nell'Emilia ITA"]
[Date "1989.01.05"]
[Round "10"]
[White "Weindl, Alfred"]
[Black "Caposciutti, Maurizio"]
[Result "1/2-1/2"]
[WhiteElo "2420"]
[BlackElo "2270"]
[PlyCount "62"]
[EventDate "1988.12.27"]

1. e4 c5 2. Nf3 Nc6 3. d4 cxd4 4. Nxd4 Nf6 5. Nc3 d6 6. Bc4 Qb6 7. Nde2 e6 8.
O-O a6 9. Bb3 Be7 10. Bg5 Qc7 11. Qd2 b5 12. Rfd1 Bb7 13. Bxf6 gxf6 14. Nd4
Nxd4 15. Qxd4 Rg8 16. a4 b4 17. Qxb4 d5 18. Qd4 dxe4 19. Nxe4 f5 20. Nd6+ Bxd6
21. Qxd6 Qxd6 22. Rxd6 Bxg2 23. f4 Be4+ 24. Kf2 Rg2+ 25. Ke3 Rxh2 26. a5 Ke7
27. Rb6 h5 28. Bc4 Rh3+ 29. Kd4 Rd8+ 30. Kc5 Rh2 31. c3 h4 1/2-1/2

[Event "XXXI Torneo B di Capodanno"]
[Site "Reggio nell'Emilia ITA"]
[Date "1989.01.06"]
[Round "11"]
[White "Landenbergue, Claude"]
[Black "Crisan, Alexandru"]
[Result "1/2-1/2"]
[WhiteElo "2325"]
[BlackElo "2305"]
[PlyCount "46"]
[EventDate "1988.12.27"]

1. d4 Nf6 2. Nf3 e6 3. Bg5 Be7 4. Nbd2 d5 5. e3 O-O 6. Bd3 h6 7. Bh4 c5 8. c3
Nc6 9. O-O b6 10. Ne5 Nxe5 11. dxe5 Nd7 12. Bxe7 Qxe7 13. f4 f6 14. exf6 Nxf6
15. Nf3 Ng4 16. Qe2 e5 17. fxe5 Nxe5 18. Nxe5 Rxf1+ 19. Rxf1 Qxe5 20. Qf3 Be6
21. Qf4 Qxf4 22. Rxf4 Rd8 23. a3 a5 1/2-1/2

[Event "XXXI Torneo B di Capodanno"]
[Site "Reggio nell'Emilia ITA"]
[Date "1989.01.06"]
[Round "11"]
[White "Pantaleoni, Claudio"]
[Black "Wagman, Stuart"]
[Result "1/2-1/2"]
[WhiteElo "2255"]
[BlackElo "2215"]
[PlyCount "29"]
[EventDate "1988.12.27"]

1. c4 e6 2. Nf3 Nf6 3. g3 d5 4. Bg2 Be7 5. O-O O-O 6. b3 b6 7. Bb2 Bb7 8. e3 c5
9. Nc3 Nc6 10. cxd5 Nxd5 11. Nxd5 exd5 12. d4 Qd7 13. Qd2 Rfd8 14. Rfd1 a5 15.
dxc5 1/2-1/2

[Event "XXXI Torneo B di Capodanno"]
[Site "Reggio nell'Emilia ITA"]
[Date "1989.01.06"]
[Round "11"]
[White "Valenti, Giuseppe"]
[Black "Anceschi, Vittorio"]
[Result "1/2-1/2"]
[WhiteElo "2240"]
[BlackElo "2295"]
[PlyCount "32"]
[EventDate "1988.12.27"]

1. e4 e6 2. d4 d5 3. Nd2 Nf6 4. e5 Ne4 5. Bd3 Nxd2 6. Bxd2 c5 7. dxc5 Nd7 8.
Nf3 Nxc5 9. Bb5+ Bd7 10. Bxd7+ Qxd7 11. O-O Be7 12. Be3 Qc7 13. Qd4 Ne4 14.
Qa4+ Qc6 15. Qb3 Nc5 16. Qc3 Ne4 1/2-1/2